MDQL
is popping MORE tags! Check the
thread
!
Quizzes
Events
Quiz Creation
Community
Videos
Private Events
Remove Ads
Sign In
Join for FREE
Feedback
Dark Mode
Quiz Categories
Sports
Geography
Music
Movies
Television
Just For Fun
Miscellaneous
History
Literature
Language
Science
Gaming
Entertainment
Religion
Holiday
For Kids
Quiz Lab
Recent
Popular Today
Quiz Kudos Today
Editor Picks
Curator Picks
Quizzes by...
Day
Popularity
Type
Ratings
Length
Year
Community
Subscriptions
Recent Discussions
Orange Saloon
Badges
Playlists
Quests
Create
Leaderboards
Showdown
Live 5
Trivia Bingo
Activity
Puzzle Library
Sporcle Events
Private Events
Virtual Trivia
Globe League
Become a Host
Pub Owners
SporcleCon
Opinionation
Our Games
Videos
Blog
Mobile Apps
Partnerships
Remove Ads and Go Orange
Feedback
Music
Pop Music
The Beatles
Song
Album
Lyrics
Bands
Singers
Artist
Clip
Rock
Rap
Classical
Billboard
Country Music
Kpop
Taylor Swift
Music
Pop Music
The Beatles
Song
Album
Lyrics
Bands
Singers
Artist
Clip
Rock
Rap
Classical
Billboard
Country Music
Kpop
Taylor Swift
Random Quiz
Search Sporcle
×
Quiz Lab
Quiz Lab
Music
Artist
Type in answers that appear in a list
Type in answers that appear in a list
Classic
Best Score? Go Orange.
Rap Artist by Line Stats
Can you name the Rap Artist/Group from their Line?
By
PetaBDoubleG
6m
30 Questions
564 Plays
564 Plays
564 Plays
Comments
Comments
Give Quiz Kudos
Give Quiz Kudos
-
- Ratings
hide this ad
Forced Order
Answers have to be entered in order
Answers have to be entered in order
Random Order
Randomize order of answers
Randomize order of answers
Replay
Link that replays current quiz
Next Quiz
Link to next quiz in quiz playlist
You Got
0%
They Got
Avg Score
31%
Avg Friend Score
Upgrade to see
Score Distribution
Jump to the score distribution portion of the page
Score
0/30
Timer
06:00
0
Plays Today
Line
Artist(s)
% Correct
'Till I collapse I'm spilling these raps, as long as you feel em. Till the day that I drop, you'll never say that I'm not killin' them'
Eminem
64.2%
'Cash rules everything around me, cream get the money. Dollar dollar bill, y'all'
Wu-Tang Clan
58.3%
'First off, f*ck your b*tch and the click you claim. West side when we ride, come equipped with game
2pac
57.3%
'Give me the microphone first, so I can bust like a bubble. Compton and Long Beach together, now you know you're in trouble'
Snoop Dogg
55.1%
'Sweatpants, hair tied, chillin with no make-
up on. That's when you're the prettiest, I hope that you don't take it wrong'
Drake
50.7%
'Just waking up in the morning gotta thank God. I don't know but today seems kinda odd'
Ice Cube
50%
'I am champion at beer pong. Allen Iverson, Hakeem Olajuwon'
Asher Roth
49.5%
'I was a terror since the public school era. Bathroom passes, cuttin' classes, squeezin' asses'
Notorious B.I.G.
43.8%
'I see she's wearing them jeans that show her butt brack. My girls can't wear that. Why? That's where my stash at.'
Lil Wayne
42%
'Cadillac grills, Cadillac bills, check out the oil my cadillac spills'
Ludacris
41.8%
'I keep fallin, but never fallin six feet deep. I'm out for presidents to represent me'
Nas
39.5%
'I met this girl, when I was 10 years old. And what I loved most, she had so much soul'
Common
32.8%
'Here we go, yo. Here we go, yo. So what, so what, so what's the scenario'
A Tribe Called Quest
30.7%
'First we gonna rock, then we gonna roll, then we let it pop, don't let it go'
DMX
30.7%
'I sell ice in the winter, I sell fire in hell. I am a hustler baby, I sell water to a well'
Jay-Z
29.4%
Line
Artist(s)
% Correct
'See me in your city sittin' pretty know I'm shining, dawg. Ridin' with a couple Latin broads, and a China doll'
T.I.
28.7%
'Do you really wanna party with me, let me see just what you got for me, put all your hands where my eyes can see, straight buck wylin' in the place to be'
Busta Rhymes
28.4%
'So you wanna be a rock superstar, and live large, a big house, five cars, you're in charge'
Cypress Hill
27.7%
'I'm in the pocket like Wallace, I got the bounce like hydraulics, I can't call it, I got the swerve like alcholics'
Kanye West
25.5%
'Reps North Side so he rocks them braids. 1,100 friends on his MySpace page'
Lupe Fiasco
22.7%
'Deja vu, tell you what I'm gonna do. When they reminisce over you, my God'
Pete Rock and C.L. Smooth
22%
'1989, the number. Another summer. Sound of the funky drummer'
Public Enemy
19%
'And when I'm on the microphone you best to wear your sweater, cause I'm cooler than a Polar Bear's toe nails, oh hell, there he goes again, talkin' that sh*t'
Outkast
18.4%
'So glorious. Victorious. We take what we want, we're born warriors'
Juelz Santana
14.5%
'Brooklyn, New York City, where they paint murals of Biggie, in cash we trust cause it's ghetto fabulous life look pretty, what a pity, blunts is still fifty cents, it's intsense'
Talib Kweli
14.4%
'It's the new king of everything, and b*tches don't say no to me I'm like a wedding ring'
The Game
8.7%
'I'm so ahead of my time, my parents haven't met yet'
Big L
8.7%
'You would rather have a Lexus or justice, a dream or some substance, a Beamer, a necklace, or freedom'
Dead Prez
8.2%
'Life ain't a b*tch, life is a beautiful woman. You only call her a b*tch cause she won't let you get that p*ssy'
Aesop Rock
6%
'But if I didn't have a wife yo, your kids would be albinos'
Brother Ali
4.6%
Quiz Playlist
Details
Report
Send in Message
Add To Playlist
Classic:
Type in answers that appear in a list
Forced Order:
Answers have to be entered in order
Random Order:
Randomize order of answers
Last Updated: Feb 16, 2017
Quiz Scoreboard
CHALLENGE
Sign Up to Join the Scoreboard
Show All
Scores
Hide
Comments
May contain spoilers
Recently Published
1-10 Letter E Words III
by El_Dandy
Language
2m
Street Fighter Characters
by Artimus82
Gaming
60s
College Basketball Coaching Resumes
by pancakes188
Sports
9m
More to Explore
Quiz From the Vault
Featured Blog Post
Where Did the Easter Bunny Come From?
hide this ad
You Might Also Like...
Tags
Artist Quiz
Rap Quiz
Song Quiz
group
Rap Artists
Today's Top Quizzes in Music
Browse Music
hide this ad
Today's Top Quizzes in Artist
Browse Artist
Top Contributed Quizzes in Music
1
Taylor Swift All Songs (2024)
2
Taylor Swift Logic Puzzle
3
Guess the Artist- 70s Songs
4
7-to-1: Billboard Hot 100 #1 Hits of 2010s
5
Sorting Albums and Songs
6
KPOP LOGIC QUIZ
7
Billboard Blitz: Aretha Franklin
8
Guess the Taylor Swift song (Mystery Song)
9
Guess The Taylor Swift Lyrics Song #1
10
Billboard Blitz: ABBA
Explore More
Trending Topics
NBA
Disney
Harry Potter
Kpop
Marvel
Crossword
Anime
The Office
Song
WWE
Soccer
NFL
Country
Pokémon
Puzzle
hide this ad
More By:
PetaBDoubleG
Quiz
Plays
Rating
Category
Featured
Created
Rap Artists by Album Name
3,209
4.00
Music
Nov 29, 2009
Rap Artist by Line
564
5.00
Music
Nov 30, 2009
Go to Creator's Profile
Score Distribution
Quiz Creator Spotlight
PetaBDoubleG
Follow
Send a Message
Quizzes Created
-
Created Quiz Play Count
-
More By This Creator
Popular Quizzes Today
1
Find the US States - No Outlines Minefield
2
Find the Countries of Europe - No Outlines Minefield
3
The Countries of the World
4
Find the US States
5
Risky Map Clicking: Biggest States A-Z
6
US States
7
Popular People in 1961
8
Movies - When Are They Set?
More Music Quizzes
4 Letter Words in 2010s Songs
Published
Trending Quizzes
Risky Map Clicking: Least Populous States A-Z
1-10 Letter G Words
1-10 Letter F Words
Countries of the World: 200 Million BC
Risky Map Clicking: Next State Alphabetically
Recently Updated
Most Oscar Losses (Acting)
pecheneg
Beyoncé Albums
pecheneg
Leaping Animals
pecheneg
Reality TV Shows (A-Z)
bhenderson79
Rickey Henderson's Hall of Fame Teammates
pecheneg
Champions League XIs: Arsenal
pecheneg
Quick Pick: Celebrities in WWE's Hall of Fame
aduchscher
A-Z Keypad Blitz II
pecheneg
Multiple Oscar Actors
pecheneg
Mystery Phrase Blitz: Oscar 'Best Actors'
pecheneg
Trending Topics
Harry Potter
Kpop
Crossword
Disney
Anime
NBA
Marvel
The Office
NFL
WWE
Country
Pokémon
Puzzle
Song
Soccer
Your Account Isn't Verified!
In order to create a playlist on Sporcle, you need to verify the email address you used during registration. Go to your
Sporcle Settings
to finish the process.
Report this User
Report this user for behavior that violates our
Community Guidelines
.
Details:
Send Report
Go to the Sporcle.com Mobile Site →
Comments